| 000 | 00536nam a2200169 4500 | ||
|---|---|---|---|
| 001 | 136982 | ||
| 003 | ES-MaACL | ||
| 005 | 20230906195258.0 | ||
| 007 | t| | ||
| 008 | 070214s1962 sp r ||||1| spa d | ||
| 100 | 1 |
_aSaint Maur, René François. _9101541 |
|
| 245 | 1 | 4 |
_aLos puntos cardinales de las ventas / _cRené François Saint Maur ; traducción de Pablo Gil Castro. |
| 260 |
_aBilbao : _bDeusto, _c1962. |
||
| 300 |
_a110 p. : _bil. ; _c21 cm. |
||
| 700 | 1 |
_aGil Castro, Pablo. _956779 |
|
| 852 |
_aES-MaACL _jC-23868 _bR.52583 |
||
| 999 |
_c136982 _d136982 |
||